The tutorial algebra
Αποθηκεύτηκε σε:
| Κύριος συγγραφέας: | |
|---|---|
| Άλλοι συγγραφείς: | , |
| Μορφή: | Βιβλίο |
| Γλώσσα: | English |
| Δημοσίευση: |
London :
University Tutorial Press,
1950-1976.
|
| Θέματα: | |
| Ετικέτες: |
Προσθήκη ετικέτας
Δεν υπάρχουν, Καταχωρήστε ετικέτα πρώτοι!
|
MARC
| LEADER | 00000cam a2200000 i 4500 | ||
|---|---|---|---|
| 001 | 1/101507 | ||
| 008 | 090219m19501976 eng d | ||
| 035 | |l 10103290 | ||
| 040 | |a GR-MY-UA |b gre |e aacr | ||
| 041 | 0 | |a eng | |
| 082 | 0 | |a 512 |2 (22) | |
| 100 | 1 | |a Briggs, William |d 1861-1932. | |
| 245 | 1 | 4 | |a The tutorial algebra / |c William Briggs, G. H. Bryan ; revised and rewritten by George Walker. |
| 260 | |a London : |b University Tutorial Press, |c 1950-1976. | ||
| 300 | |a 2 τ. : |b σχ. ; |c 22 εκ. | ||
| 500 | |a O τ.1. και αντίτυπο 2 είναι ανατύπωση του 1949 και έτος έκδοσης 1949. | ||
| 500 | |a Ο τόμος 1 είναι 6η έκδοση και ο τόμος 2 είναι 5η έκδοση και 6η αναθεωρημένη και επαυξημένη. | ||
| 504 | |a Περιέχουν ευρετήριο. | ||
| 505 | 8 | |a Τ.1. Intermediate course | |
| 505 | 0 | |a Τ. 2. Advanced course | |
| 650 | 0 | 0 | |a Algebra. |
| 700 | 1 | |a Bryan, G. H. |q (George Hartley) |d 1864-1928. | |
| 700 | 1 | |a Walker, George, |e trl | |
| 740 | 0 | 2 | |a Advanced course |
| 852 | |a INST |b SAMOS |c MAG |e 20090219 |h 512 BRI |p 005300029326 |q 005300029326 |t BK |v τ.1: |y 0 |z τ.1 | ||
| 852 | |a INST |b SAMOS |c MAG |e 20090219 |h 512 BRI |p 005300029327 |q 005300029327 |t BK |v τ.2: |y 0 |z τ.2 | ||
| 852 | |a INST |b SAMOS |c MAG |e 20101220 |h 512 BRI |p 005300033149 |q 005300033149 |t BK |v τ.2: |y 0 |z τ.2 | ||
| 852 | |a INST |b SAMOS |c MAG |e 20150930 |h 512 BRI |p 005300042769 |q 005300042769 |t BK |v τ.1: |y 0 | ||
| 853 | |a INST |b SAMOS |c MAG |h 512 BRI | ||
| 901 | |a BIBL3-2010-3 | ||
| 901 | |a BIBL3-2009-1 | ||
| 909 | |a Σ |b 166206 | ||
| 909 | |a Σ |b 155610 | ||
| 909 | |a Σ |b 155611 | ||
| 920 | |a ΜΑΓΕΙΡΑΣ |b ΠΑΝΑΓΙΩΤΗΣ |y ΣΑΜΟΣ |z 2008-09 | ||
| 970 | |z 2010/12/20 | ||
| 970 | |a ΡΟΥΣΣΟΥ |b ΚΩΝΣΤΑΝΤΙΝΑ |z 2009/02/19 | ||
| 970 | |a Σιτζίμη |b Γιασεμή |z 30/09/2015 | ||